| 000 | 00679nam a22002177a 4500 | ||
|---|---|---|---|
| 999 |
_c5988 _d5988 |
||
| 003 | AR-CdUCM | ||
| 008 | 190313b ||||| |||| 00| 0 spa d | ||
| 040 |
_aMUNICIPALIDAD PROVINCIAL DEL CUSCO _cBIBLIOTECA MUNICIPAL DEL CUSCO |
||
| 082 |
_a868.5 / _bC12 |
||
| 100 |
_aCaballero, Fernan _917540 |
||
| 245 |
_aClemencia : _bnovela de costumbres / |
||
| 260 |
_aMadrid : _bLa enseñanza, _c1921. |
||
| 300 |
_a389 páginas ; _c19 cm. |
||
| 500 | _aDonación familia Nieto | ||
| 650 |
_aNovela española _9192 |
||
| 650 |
_aSiglo XX _98 |
||
| 700 |
_aEguilaz, Luis de (prologo) _917541 |
||
| 700 |
_aFernandez Espino, Luis (prologo) _917542 |
||
| 942 |
_2ddc _cLIBROS |
||
| 945 | _aafb | ||